01689cam a22003977a 4500003000500000005001700005008004100022010000900063011000900072035000900081040000900090090001000099100004700109245014700156260004200303300003100345502007700376590003700453590004100490590004100531590004100572590004100613590004200654650003500696650003900731650005600770650005200826650004300878901000700921942000900928949004100937949004600978999001501024952012501039952012701164CHAP20220329133052.0971013s1991 r 00010 d a1810 a2782 a1982 cCHAP aTesis00aAndrade Limas, Elizabeth del Carmen.9565613aLa tecnología agrícola tradicional... apoyo o atraso para el desarrollo rural? (caso del Ejido el Rincón, municipio de Jamapa, Veracruz) aMontecillo, Méx. :bEl autor,c1991 a297 h.b: ilus. ; gráfs. aTesis (M.C. Esp. en Desarrollo Rural) -- C.P. Centro de Desarrollo Rural aALEPHb10c20130110lUCH01h1209 aBATCH-UPDb10c20130110lUCH01h1039 aBATCH-UPDb10c20130410lUCH01h0639 aBATCH-UPDb10c20130914lUCH01h0013 aBATCH-UPDb10c20130914lUCH01h2102 aCONVERSIONb10c20130109lUCH01h130204aAgricultura tradicional.9202914aAgricultura de subsistencia.9199814aAgriculturaxAspectos económicosxVeracruz.9130414aAgriculturaxInnovaciones tecnológicas.9156514aVeracruzxCondiciones rurales.9118808 aBK cFOLL bBCcTESd-11476eTS1h23797i1982si bBCcTESd-70146eTS2fc.2h23798i1982si c1810d1810 00102local4053708TESISaBCbBCcPA_TESISd2019-12-31fTESISl0p-70146r2019-12-31 00:00:00tc.2w2019-12-31yTESIS 00102local4051708TESISaBCbBCcPA_TESISd2019-12-31fTESISl0oTesisp-11476r2019-12-31 00:00:00w2019-12-31yTESIS